№ 9; Природные газы

Podrobná bibliografie
Parent link:Природные газы: сборник/ Трест по использованию природных газов и гелия "Союзгаз" ; под ред. В. Д. Голубятникова , В. Г. Хлопина. № 9.— , 1935-1936
Jazyk:ruština
Vydáno: 1935
Témata:
Médium: Kniha
KOHA link:https://koha.lib.tpu.ru/cgi-bin/koha/opac-detail.pl?biblionumber=309516

MARC

LEADER 00000nam2a2200000 4500
001 309516
005 20231102002210.0
035 |a (RuTPU)RU\TPU\book\334838 
035 |a RU\TPU\book\199510 
090 |a 309516 
100 |a 20151113d1935 km y0rusy50 ca 
101 0 |a rus 
102 |a RU 
105 |a a z 001zy 
200 0 |a № 9 
210 |d 1935 
215 |a 159 с.  |c ил. 
320 |a Библиография в тексте 
461 1 |0 (RuTPU)RU\TPU\book\277751  |t Природные газы   |o сборник  |f Трест по использованию природных газов и гелия "Союзгаз" ; под ред. В. Д. Голубятникова , В. Г. Хлопина  |v № 9  |d 1935-1936 
606 1 |a Газы природные  |x Геохимия  |2 stltpush  |3 (RuTPU)RU\TPU\subj\5367  |9 33463 
606 1 |a Газы природные  |x Физико-химические свойства  |2 stltpush  |3 (RuTPU)RU\TPU\subj\69742  |9 84447 
610 1 |a природные ресурсы 
610 1 |a полезные ископаемые 
610 1 |a геология 
610 1 |a газовые месторождения 
610 1 |a гелий 
610 1 |a пористые среды 
610 1 |a воздух 
610 1 |a истечение 
610 1 |a метан 
610 1 |a окисление 
610 1 |a формальдегид 
610 1 |a газовые смеси 
675 |a 553.981:550.4  |v 4 
675 |a 553.98  |v 4 
801 1 |a RU  |b 63413507  |c 20100826 
801 2 |a RU  |b 63413507  |c 20171018  |g RCR 
942 |c BK